Software project management (Record no. 276054)

MARC details
000 -LEADER
fixed length control field 00497nam a2200181Ia 4500
005 - DATE AND TIME OF LATEST TRANSACTION
control field 20240625152441.0
008 - FIXED-LENGTH DATA ELEMENTS--GENERAL INFORMATION
fixed length control field 240126s9999 xx 000 0 und d
020 ## - INTERNATIONAL STANDARD BOOK NUMBER
International Standard Book Number 9780071072748
082 ## - DEWEY DECIMAL CLASSIFICATION NUMBER
Classification number 001.6424 HUG;1 R
100 ## - MAIN ENTRY--PERSONAL NAME
Personal name Hughes, Bob. Cotterell, Mike. Mall, Rajib.
245 #0 - TITLE STATEMENT
Title Software project management
250 ## - EDITION STATEMENT
Edition statement 5th ed.
260 ## - PUBLICATION, DISTRIBUTION, ETC. (IMPRINT)
Name of publisher, distributor, etc. Mcgraw Hill Education
Place of publication, distribution, etc. New Delhi
Date of publication, distribution, etc. 2011
300 ## - PHYSICAL DESCRIPTION
Extent xxiii, 397
440 ## - SERIES STATEMENT/ADDED ENTRY--TITLE
Title NULL
650 ## - SUBJECT ADDED ENTRY--TOPICAL TERM
Topical term or geographic name as entry element Software,project,management
942 ## - ADDED ENTRY ELEMENTS (KOHA)
Koha item type PESU Books
Holdings
Date last seen Total Checkouts Full call number Accession number Old discount Volume/Issue Number Cost, replacement price Price effective from Category Lost status Damaged status Department Withdrawn status bill no. Permanent Location Current Location Shelving location Entry date Vendor Cost, normal purchase price Grants Currency symbol Conversion rate Discount Discount type
26/01/2024   001.6424 HUG;1 R PU3665   (03/07/1905) 585.00 26/01/2024 PESU Books     MCA   5363 Central Library Central Library Central Library 30/07/2015 International Book House 585.00 MCA RS 1   Rupees
26/01/2024   001.6424 HUG;2 R1 PU3719 28 (03/07/1905) 478.80 26/01/2024 PESU Books     Central Library   IN266 Central Library Central Library Central Library 04/08/2015 Sunrise 665.00 MCA RS 1 186.2 Rupees
26/01/2024   001.6424 HUG;3 PU3720 28 (03/07/1905) 478.80 26/01/2024 PESU Books     Central Library   IN266 Central Library Central Library Central Library 04/08/2015 Sunrise 665.00 MCA RS 1 186.2 Rupees
26/01/2024   001.6424 HUG;4 PU3721 28 (03/07/1905) 478.80 26/01/2024 PESU Books     MCA   IN266 Central Library Central Library MCA 04/08/2015 Sunrise 665.00 MCA RS 1 186.2 Rupees
26/01/2024   001.6424 HUG;5 PU6913 28 (03/07/1905) 500.40 26/01/2024 PESU Books     Central Library   IN1412 Central Library Central Library Central Library 28/04/2017 Sunrise 695.00 MCA RS 1 194.6 Rupees
26/01/2024   001.6424 HUG;6 PU6914 28 (03/07/1905) 500.40 26/01/2024 PESU Books     Central Library   IN1412 Central Library Central Library Central Library 28/04/2017 Sunrise 695.00 MCA RS 1 194.6 Rupees
26/01/2024   001.6424 HUG;7 PU6915 28 (03/07/1905) 500.40 26/01/2024 PESU Books     Central Library   IN1412 Central Library Central Library Central Library 28/04/2017 Sunrise 695.00 MCA RS 1 194.6 Rupees
26/01/2024   001.6424 HUG;8 PU6916 28 (03/07/1905) 500.40 26/01/2024 PESU Books     Central Library   IN1412 Central Library Central Library Central Library 28/04/2017 Sunrise 695.00 MCA RS 1 194.6 Rupees

© For any Suggestions or Query, please contact the library staff @ librarian@pes.edu or Phone: +9180 2672 1983/ 2108.